<?xml version='1.0' encoding='UTF-8'?>
  <record xmlns="http://www.loc.gov/MARC21/slim">
    <leader>00000ctm a2200000 i 4500</leader>
    <controlfield tag="001">on1460285697</controlfield>
    <controlfield tag="003">OCoLC</controlfield>
    <controlfield tag="005">20250415064613.6</controlfield>
    <controlfield tag="008">241011s1582    ne            001 p dut d</controlfield>
    <datafield tag="040" ind1=" " ind2=" ">
      <subfield code="a">QGJ</subfield>
      <subfield code="b">eng</subfield>
      <subfield code="e">rda</subfield>
      <subfield code="e">dcrmmss</subfield>
      <subfield code="c">QGJ</subfield>
      <subfield code="d">QGJ</subfield>
    </datafield>
    <datafield tag="035" ind1=" " ind2=" ">
      <subfield code="a">(OCoLC)1460285697</subfield>
    </datafield>
    <datafield tag="041" ind1="1" ind2=" ">
      <subfield code="a">dut</subfield>
      <subfield code="h">lat</subfield>
    </datafield>
    <datafield tag="245" ind1="0" ind2="0">
      <subfield code="a">Enige Hymnen ofte Loffsangen Die de heijlige kerck door het iaer gebruijckt, ouergeset in nederlandtsche tael. Behouden die selue wijse ende sin, soo veel mogelick geweest is :</subfield>
      <subfield code="b">Met enijge Nieu Hijmnen op die voorgenoemde wijsen, van het leuen der heijlijgen die in Stift van Vtrecht gefloreert hebben, ende andere daermen aff gewoenlick is feest te houden. Bijgevoecht die gebeeden dienende tot de selffde loffsangen, sonderlinge mit die onder het aertsbisdom van Vtrecht geseten sij</subfield>
      <subfield code="c">,</subfield>
      <subfield code="f">UBU Hs. 1338 (Hs 5 M 23).</subfield>
    </datafield>
    <datafield tag="246" ind1="3" ind2=" ">
      <subfield code="a">Enige Hymnen ofte Loffsangen Die de heijlige kerck door het jaer gebruijckt, overgeset in nederlandtsche tael. Behouden die selve wijse ende sin, soo veel mogelick geweest is :</subfield>
      <subfield code="b">Met enijge Nieu Hijmnen op die voorgenoemde wijsen, van het leven der heijlijgen die in Stift van Utrecht gefloreert hebben, ende andere daermen affgewoenlick is feest te houden.</subfield>
    </datafield>
    <datafield tag="264" ind1=" " ind2="0">
      <subfield code="a">[Place of production not identified],</subfield>
      <subfield code="c">1582</subfield>
    </datafield>
    <datafield tag="300" ind1=" " ind2=" ">
      <subfield code="a">279 pages ;</subfield>
      <subfield code="c">210 x 152 (approximately 170 x 110) mm (4to)</subfield>
    </datafield>
    <datafield tag="336" ind1=" " ind2=" ">
      <subfield code="a">text</subfield>
      <subfield code="b">txt</subfield>
      <subfield code="2">rdacontent</subfield>
    </datafield>
    <datafield tag="337" ind1=" " ind2=" ">
      <subfield code="a">unmediated</subfield>
      <subfield code="b">n</subfield>
      <subfield code="2">rdamedia</subfield>
    </datafield>
    <datafield tag="338" ind1=" " ind2=" ">
      <subfield code="a">volume</subfield>
      <subfield code="b">nc</subfield>
      <subfield code="2">rdacarrier</subfield>
    </datafield>
    <datafield tag="340" ind1=" " ind2=" ">
      <subfield code="m">4to</subfield>
      <subfield code="2">rdabf</subfield>
    </datafield>
    <datafield tag="340" ind1=" " ind2=" ">
      <subfield code="a">paper</subfield>
      <subfield code="2">rdamat</subfield>
    </datafield>
    <datafield tag="500" ind1=" " ind2=" ">
      <subfield code="a">Jesus monogram on the title page.</subfield>
    </datafield>
    <datafield tag="500" ind1=" " ind2=" ">
      <subfield code="a">Includes index (pages 278-279).</subfield>
    </datafield>
    <datafield tag="500" ind1=" " ind2=" ">
      <subfield code="a">Modern paging with pencil. Blank pages are not numbered.</subfield>
    </datafield>
    <datafield tag="500" ind1=" " ind2=" ">
      <subfield code="a">Hymn on page 255 (Rithmus in laudem Deiparae Virginis Mariae, primis cuiusque versus literis nomen autoris indicantibus) gives author's name as initial letters of successive stanzas: Jacob Verdel.</subfield>
    </datafield>
    <datafield tag="524" ind1="8" ind2=" ">
      <subfield code="a">Cite as: Universiteitsbibliotheek Utrecht Hs. 1338 (Hs 5 M 23).</subfield>
    </datafield>
    <datafield tag="541" ind1=" " ind2=" ">
      <subfield code="c">Gift;</subfield>
      <subfield code="a">Mr. J. W. C. de Jonge van Ellemeet;</subfield>
      <subfield code="b">Goes;</subfield>
      <subfield code="d">188506</subfield>
    </datafield>
    <datafield tag="561" ind1=" " ind2=" ">
      <subfield code="a">Donated by Mr. J. W. C. de Jonge van Ellemeet, Goes, June 1885.</subfield>
    </datafield>
    <datafield tag="563" ind1=" " ind2=" ">
      <subfield code="a">Parchment binding over pasteboards with leather ribbons. Red edges.</subfield>
    </datafield>
    <datafield tag="581" ind1=" " ind2=" ">
      <subfield code="a">P.A. Tiele, Catalogus codicum manu scriptorum Bibliothecae Universitatis Rheno-Trajectinae. I. Trajecti ad Rhenum / Hagae Comitis 1887. P. 274</subfield>
    </datafield>
    <datafield tag="581" ind1=" " ind2=" ">
      <subfield code="a">J. B. Oosterman, 'Maak ons in strijd victorieus. ‘Enige Hymnen ofte Loffsangen’ (Utrecht, UB, 1338): een vroege contra-reformatorische liedbundel' in:, Heiligen en hun wonderen. Uit de marge van ons erfgoed, van de late middeleeuwen tot heden (2007), p. 69-83</subfield>
    </datafield>
    <datafield tag="650" ind1=" " ind2="0">
      <subfield code="a">Hymns, Dutch</subfield>
      <subfield code="v">Texts.</subfield>
    </datafield>
    <datafield tag="655" ind1=" " ind2="7">
      <subfield code="a">hymns.</subfield>
      <subfield code="2">aat</subfield>
    </datafield>
    <datafield tag="700" ind1="1" ind2=" ">
      <subfield code="a">Verdel, Jacob,</subfield>
      <subfield code="e">contributor.</subfield>
      <subfield code="4">ctb</subfield>
    </datafield>
    <datafield tag="700" ind1="1" ind2=" ">
      <subfield code="a">Jonge van Ellemeet, J. W. C.</subfield>
      <subfield code="q">Johan Willem Claude,</subfield>
      <subfield code="d">1846-1920,</subfield>
      <subfield code="e">former owner,</subfield>
      <subfield code="e">donor.</subfield>
      <subfield code="4">fmo</subfield>
      <subfield code="4">dnr</subfield>
    </datafield>
    <datafield tag="710" ind1="2" ind2=" ">
      <subfield code="a">Universiteit Utrecht.</subfield>
      <subfield code="b">Bibliotheek.</subfield>
      <subfield code="k">Manuscript.</subfield>
      <subfield code="n">Hs. 1338 (Hs 5 M 23)</subfield>
    </datafield>
  </record>